Fundamentals of structural mechanics

It provides a modern introduction to structural mechanics weaving a thorough treatment of basic continuum mechanics through the theories of beams and static stability theory. The book provides a solid prerequisite to the study of the finite element method and is suited for graduate and advanced und...

पूर्ण विवरण

में बचाया:
ग्रंथसूची विवरण
मुख्य लेखक: Hjelmstad, Keith D.
स्वरूप: पुस्तक
भाषा:Undetermined
प्रकाशित: New Jersey Prentice-Hall 1997
विषय:
टैग : टैग जोड़ें
कोई टैग नहीं, इस रिकॉर्ड को टैग करने वाले पहले व्यक्ति बनें!
Thư viện lưu trữ: Trung tâm Học liệu Trường Đại học Cần Thơ
LEADER 00932nam a2200205Ia 4500
001 CTU_27778
008 210402s9999 xx 000 0 und d
020 |c 1160000 
082 |a 624.171 
082 |b H677 
100 |a Hjelmstad, Keith D. 
245 0 |a Fundamentals of structural mechanics 
245 0 |c Keith D Hjelmstad 
260 |a New Jersey 
260 |b Prentice-Hall 
260 |c 1997 
520 |a It provides a modern introduction to structural mechanics weaving a thorough treatment of basic continuum mechanics through the theories of beams and static stability theory. The book provides a solid prerequisite to the study of the finite element method and is suited for graduate and advanced undergraduate students in civil and mechanical engineering. 
650 |a Girders,Plates ( engineering ),Structural analysis ( engineering ) 
904 |i Qhieu 
980 |a Trung tâm Học liệu Trường Đại học Cần Thơ